| 000 | 00545nam a22002057a 4500 | ||
|---|---|---|---|
| 003 | OSt | ||
| 005 | 20140310183049.0 | ||
| 008 | 130227t xxu||||| |||| 00| 0 eng d | ||
| 020 | _a971860028 | ||
| 050 |
_aQ 141 _bF46 1914 |
||
| 082 |
_aFIL 609.2 _bF47 1914 |
||
| 245 | _aFilipino Scientists Inventors and Technologists | ||
| 260 |
_aValenzuela, Metro Manila _bR.E. Books Marketing _c1914 |
||
| 300 |
_a105 p. _c19 cm |
||
| 521 | _aCollege Students | ||
| 526 | _c1210L-1700L | ||
| 541 | _j1 | ||
| 562 | _e1 | ||
| 942 |
_2lcc _cBK _kFIL |
||
| 999 |
_c18618 _d18618 |
||